=LDR 00000nam 2200000 4500 =001 NUTBA000000000003711 =005 20140825161653.0 =006 =007 =008 =035 ##$$a 0010-081400000000556 =082 ##$$a520 =100 ##$$aMORENA CINDO =245 ##$$aTRIK MATEMATIKA DALAM PERHITUNGAN CEPAT =260 ##$$a JAKARTA $b GHINA WALAFAFA $c 2012 =650 ##$$aMATEMATIKA =850 ##$$a NBPNMAT